000 00301 a2200121 4500
005 20251208165336.0
020 _a9781108415156
100 _aBikramjit Basu
_93899
245 _aBiomaterials Science and Tissue Engineering
250 _a1st ed
260 _bCambridge University Press
_c2002
942 _cBK
999 _c5559
_d5554